000 00567nam a2200229Ia 4500
008 160216s9999 xx 000 0 und d
020 _a971-085-193-4
050 _aFIL H 62
050 _b.A68 1992 c.1
100 _aAquino, Gaudencio V.
245 _aFundamentals of research /
245 _cGaudencio V. Aquino.
260 _aMandaluyong:
260 _bNational Book Store,
260 _c1992
300 _a245 pages :
300 _bill. ;
300 _c22 cm.
500 _aIncludes index.
650 _aSocial sciences --
650 _xResearch.
999 _c290932
_d290932